000 00676nam a2200265Ia 4500
005 20260121170111.0
008 008 260114s9999 xx 000 0 eng d
020 _a9781349952908
037 _aEBOOK
040 _aCRL
040 _beng
040 _cCRL
041 _2eng
041 _aeng
084 _qCRL
100 _aLinsey Robb, Juliette Pattinson
_91059812
245 0 _aMen, Masculinities and Male Culture in the Second World War
260 _bSpringer
260 _bSpringer
260 _c2018
856 _uhttps://link.springer.com/openurl?genre=book&isbn=978-1-349-95290-8
942 _cEBOOK
999 _c1625541
_d1625541